000 00581nam a22002177a 4500
003 UA-OsUOA
001 61002
007 ta
008 20090615b un ||||| |||| 00| 0 ukr d
100 _aЛевченко В.А.
090 _a330(477)
_bЛ38
942 _cSA
040 _aUA-OsUOA
_bukr
_cUA-OsUOA
_dUA-OsUOA
245 _aКонтроль розахунків за податком на додану вартість
300 _aС.22-27
955 _a0
041 _aukr
080 _a330(477)
773 0 _w61001
650 7 _a330 Економіка взагалі
_2UDC
999 _c347312
_d347312